Loading...
Beliefs | 2 | 6 | 1 | 1 | 85 | 46 | 101.63 | 0 | 4 |
Fine Arts - Visual Fine Arts | 1 | 2 | 0 | 1 | 35 | 54 | 75.33 | 2 | 3 |
Science - Physics | 1 | 3 | 3 | 1 | 30 | 47 | 81.75 | 2 | 3 |
World and Other Literature | 1 | 1 | 0 | 1 | 25 | 56 | 100.50 | 1 | 2 |
Literature - European Literature | 1 | 1 | 0 | 0 | 25 | 46 | 87.50 | 0 | 2 |
Other Arts: Visual | 0 | 2 | 0 | 0 | 20 | 95 | 99.00 | 1 | 2 |
Other Arts: Auditory | 1 | 1 | 1 | 0 | 20 | 83 | 83.50 | 1 | 1 |
History - European History | 1 | 0 | 0 | 0 | 15 | 45 | 45.00 | 0 | 1 |
Ancient History and Archaeology | 0 | 2 | 2 | 0 | 10 | 88 | 101.00 | 1 | 2 |
Other Academic | 0 | 1 | 0 | 1 | 10 | 135 | 135.00 | 0 | 0 |
Fine Arts - Auditory Fine Arts | 0 | 2 | 2 | 1 | 10 | 66 | 101.50 | 0 | 0 |
History - American History | 0 | 1 | 0 | 0 | 10 | 109 | 109.00 | 1 | 1 |
Literature - British Literature | 0 | 1 | 0 | 0 | 10 | 151 | 151.00 | 0 | 0 |
Other Science: Math | 0 | 1 | 0 | 1 | 10 | 116 | 116.00 | 0 | 0 |
British and Commonwealth History | 0 | 1 | 0 | 0 | 10 | 130 | 130.00 | 0 | 0 |
Geography | 0 | 1 | 0 | 1 | 10 | 83 | 83.00 | 0 | 0 |
Other Science: Astronomy | 0 | 1 | 0 | 0 | 10 | 98 | 98.00 | 0 | 1 |
History - World History | 0 | 0 | 2 | 0 | -10 | 0.00 | 0 | 0 | |
Philosophy | 0 | 0 | 2 | 0 | -10 | 0.00 | 0 | 0 | |
Science - Chemistry | 0 | 0 | 2 | 0 | -10 | 0.00 | 0 | 0 |